| 000 | 00387cam a22001337a 4500 | ||
|---|---|---|---|
| 008 | 180718b1979 xxu||||| |||| 00| 0 eng d | ||
| 082 | _aB6x5412 F862 | ||
| 100 | _aFraser, Andrew | ||
| 245 |
_aGovernment and politics in Bengal _cby Andrew Fraser |
||
| 260 |
_aDelhi _bMittal _c1979 |
||
| 300 | _a203p. | ||
| 650 | _aHistory - India - Bengal. | ||
| 650 | _aState government - India - Bengal | ||
| 999 |
_c344371 _d344371 |
||